World agroforestry centre southeast Asia regional program & ASB programme (Registro nro. 8317)
[ vista simple ]
| 000 -CABECERA | |
|---|---|
| Campo de control | 00770nam a22001457a 4500 |
| 005 - FECHA Y HORA DE LA ULTIMA TRANSACCION | |
| Campo de control | 20140326085837.0 |
| 008 - ELEMENTOS DE LONGITUD FIJA—INFORMACION GENERAL | |
| Campo de control | 140326b2013 io ||||| |||| 00| 0 eng d |
| 041 ## - IDIOMA | |
| Código de idioma para texto/pista de sonido o título separado | Inglés |
| 090 ## - CLASIFICACIÓN LOCAL | |
| Colección | LB |
| Consecutivo | 05893 |
| 245 ## - MENCION DE TITULO | |
| Título | World agroforestry centre southeast Asia regional program & ASB programme |
| Parte restante del título | Sixth Annual International Ecosystem Services Partnership Conference 2013 |
| 260 ## - PUBLICACION, DISTRIBUCION, ETC. (PIE DE IMPRENTA) | |
| Lugar de publicación, distribución, etc. | Bali |
| Nombre del editor, distribuidor, etc. | s.e. |
| Fecha de publicación, distribución, etc. | 2013 |
| 300 ## - DESCRIPCION FISICA | |
| Extensión | Pagina web |
| Dimensiones | 13 cm |
| 500 ## - NOTA GENERAL | |
| Nota general | We list the scientific ouputs from ICRAF-SEA staff. Books, research reports, proceedings, journal articles, etc. can be obtained as long as the stock lasts, otherwise photocopies can be made available. You may also download the PDF file for free. This lists below are listed per type and per current year.gratuita. |
| 942 ## - ELEMENTOS ADICIONALES (KOHA) | |
| Sistema de clasificación | Local |
| Tipo de ítem | CD-ROM |
| Withdrawn status | Lost status | Sistema de Clasificación | Damaged status | No para préstamo | Colección | Ubicación Permanente | Ubicación actual | Fecha de adquisición | Total Checkouts | Número topográfico | Inventario / Código de Barras | Date last seen | Ejemplar | Price effective from | Forma de adquisición | Tipo de material |
|---|---|---|---|---|---|---|---|---|---|---|---|---|---|---|---|---|
| Local | Audiovisual | Bogotá | Bogotá | 26/03/2014 | LB-05893 | 035040 | 26/03/2014 | Ej. 1 | 26/03/2014 | CD-ROM | ||||||
| Local | Audiovisual | Bogotá | Bogotá | 26/03/2014 | LB-05893 | 035044 | 26/03/2014 | Ej. 2 | 26/03/2014 | CD-ROM |